Les arrêts de la Ligne 1 de Toulouse - Statistiques

Statistiques générales
  • Ce quiz a été pris 21 fois
  • Le résultat moyen est 11 sur 38
Statistiques - réponses
quartier arrêt % Correct
Compans Compans Caffarelli
79%
Arnaud Bernard/Matabiau Jeanne d'Arc
79%
Saint Georges/Matabiau Jean Jaurès
71%
Saint Georges/ Capitole Saint Georges
71%
Arnaud Bernard/Chalets Arnaud Bernard
64%
Saint-Aubin/Saint-Etienne François Verdier
64%
Amidonniers/Ponts jumeaux Ponts Jumeaux
50%
Compans Barcelone Leclerc
43%
Arnaud Bernard/Chalets Concorde
43%
Compans Leclerc
43%
Sept Deniers Sept Deniers - Salvador Dali
43%
Quint-Fonsegrives Fonsegrives - Entiore
36%
Amidonniers/Compans Héraclès
36%
Château de l'Hers Cité de l'Hers
29%
Château de l'Hers Gymnase de l'Hers
29%
Sept Deniers Soleil d'Or
29%
Balma Balma-Ribaute
21%
Amidonniers Canal de Brienne
21%
Sept Deniers Cité Madrid
21%
Sept Deniers Fourmi
21%
Saint-Aubin Place Dupuy
21%
Guilhemery Port Saint-Etienne
21%
Guilhemery/Château de l'Hers Achiary
14%
Balma Aérodrome
14%
Guilhemery Aqueduc
14%
Château de l'Hers Collège JP Vernant
14%
Guilhemery Pérignon
14%
Balma Sainte-Anne
14%
Ponts Jumeaux Suisse
14%
Château de l'Hers Aubisque
7%
Quint-Fonsegrives Clinique La Croix du Sud
7%
Guilhemery Deltour
7%
Sept Deniers Lully
7%
Château de l'Hers Mascard
7%
Sept Deniers Nougaro
7%
Guilhemery Tilleuls
7%
Sept Deniers Chemin de Roques
0%
Balma Nollet
0%
Aucun quiz correspondant
Distribution des résultats
% des personnes avec chaque résultat
Percentile par nombre de réponses
Votre historique - résultats
Vous n’avez pas pris ce quiz